MDQL
is popping MORE tags! Check the
thread
!
Quizzes
Events
Quiz Creation
Community
Videos
Private Events
Remove Ads
Sign In
Join for FREE
Feedback
Dark Mode
Quiz Categories
Sports
Geography
Music
Movies
Television
Just For Fun
Miscellaneous
History
Literature
Language
Science
Gaming
Entertainment
Religion
Holiday
For Kids
Quiz Lab
Recent
Popular Today
Quiz Kudos Today
Editor Picks
Curator Picks
Quizzes by...
Day
Popularity
Type
Ratings
Length
Year
Community
Subscriptions
Recent Discussions
Orange Saloon
Badges
Playlists
Quests
Create
Leaderboards
Showdown
Live 5
Trivia Bingo
Activity
Puzzle Library
Sporcle Events
Private Events
Virtual Trivia
Globe League
Become a Host
Pub Owners
SporcleCon
Opinionation
Our Games
Videos
Blog
Mobile Apps
Partnerships
Remove Ads and Go Orange
Feedback
History
US Presidents
World Leaders
Politics
Nation
Discovery
War
Decade
Year
Century
Biography
Art
History
US Presidents
World Leaders
Politics
Nation
Discovery
War
Decade
Year
Century
Biography
Art
Random Quiz
Search Sporcle
×
Quiz Lab
Quiz Lab
History
Exam
Type in answers that appear in a list
Type in answers that appear in a list
Classic
Best Score? Go Orange.
Court Cases for Fall Exam Econ 2010 Stats
Can you name the court cases for the Econ exam?
By
Econ
15m
45 Questions
19 Plays
19 Plays
19 Plays
Comments
Comments
Give Quiz Kudos
Give Quiz Kudos
-
- Ratings
hide this ad
Random Order
Randomize order of answers
Randomize order of answers
Replay
Link that replays current quiz
Next Quiz
Link to next quiz in quiz playlist
You Got
0%
They Got
Avg Score
35%
Avg Friend Score
Upgrade to see
Score Distribution
Jump to the score distribution portion of the page
Score
0/45
Timer
15:00
0
Plays Today
Involvement
Case Name
% Correct
Outlaws abortion restrictions based on the right to privacy
Roe v. Wade
73.7%
Outlawed the use of voluntary prayer
Engel vs. Vitale
63.2%
Plain view exception (can arrest without warrant for obvious, visible infractions)
Minnesota v. Carter
63.2%
School desegregation case
Brown v. Board of Education
57.9%
Court upheld the segregation of railroad cars in Louisiana
Plessy v. Ferguson
57.9%
Right to 'privacy in one's association' to protect the use of a membership list by the state, who seized said list due to suspected illegal activity
NAACP v. Alabama
52.6%
This group of cases gave the 14th Amendment, private persons offering accommodations to the public had an obligation to offer to all (including blacks)
Slaughterhouse Cases
52.6%
Court-
mandated busing was created to deal with de facto segregation (desegregation in non-
walk-
in schools)
Swann v. Charlotte-Mecklenburg Board of Education
52.6%
This group of cases deals with affirmative action in colleges, the undergraduate point system is overturned because it is seen as a quota and a violation of strict scrutiny/
equal p
University of Michigan Cases
52.6%
Barring of a nativity-
scene-
only seasonal display
Alleghany County vs. ACLU
47.4%
Overturned a local order forbidding the publication of a newspaper that charged public corruption and attacked 'Jewish gangsters'
Near v. Minnesota
47.4%
Right of Association, a private association can discriminate against certain groups or peoples
Boy Scouts v. Dale
47.4%
This group of cases said that the 14th Amendment applied only to public officials, not to private persons or businesses
Civil Rights Cases
47.4%
Involved a wharf owner damaged by City of Baltimore's disposal of sand and gravel that destroyed use of the wharf
Baron v. Baltimore
42.1%
Privacy right extended to the right of marital privacy in regard to use of contraceptives and birth control information
Griswald vs. Connecticut
42.1%
Court holds that 4th Amendment does apply to schools but that principals can search possessions if reasonable belief that school rules have been violated
New Jersey v. TLO
42.1%
Government has reasonable interest in requiring uniformity of appearance
Kelley v. Johnson
42.1%
Fruits of an illegal search cannot be used against defendants, based on the 4th Amendment
Mapp v. Ohio
36.8%
Prosecution can't force the accused to prove the charge against him out of his own mouth
Malloy v. Hogan
36.8%
Example of the extension/
incorporation doctrine applies to the states through the 14th Amendment
Gitlow v. New York
36.8%
It is illegal to advocate the violent overthrow of the US Government
Dennis v. United States
36.8%
Obscene if 1) Average person in the community applying contemporary community standards finds that the work appeals to the prurient interest, 2) patently offensive, 3) lacks seriou
Miller v. United States
36.8%
Limited 1st Amendment protection towards advertising
Bigelow vs. Virginia
36.8%
Involvement
Case Name
% Correct
Nativity scene with non-
religious symbols (sleigh and candy) as a seasonal display is upheld
Lynch vs. Donnelly
31.6%
Upheld ban on the practice of polygamy on the basis that the government can punish violations of social duties or actions that are deemed subversive of good order
Reynolds v. United States
31.6%
Struck down a law requiring a person to obtain a permit before soliciting for a religous cause
Cantrell v. Connecticut
31.6%
Jehovah's Witnesses can't be required to salute the flag
West Virginia Board of Education v. Barnette
31.6%
Burden of proof of unlawful discrimination is shifted to the plaintiff claiming discrimination
Ward's Cove v. Antonio
31.6%
US mails can exclude obscene, lewd material
Roth v. United States
26.3%
Burning draft cards held to be a violation of federal law-
not all conduct is held to be protected speech
United States v. O'Brien
26.3%
Advertising restrictions generally must not be arbitrary
44 Liquor Mart. vs. Rhode Island
26.3%
Public system of busing was created by the state of NJ for all schools, including religious ones
Everson vs. Board of Education
21.1%
Private religious classes (off campus lunch bible study)
Zorach vs. Clawson
21.1%
Christmas tree, Menorah, and sign declaring dedication to freedom upheld as a seasonal display
Pittsburgh vs. ACLU
21.1%
Speech that incites 'imminent lawless action' and speech that is likely to result in such lawless action
Brandenburg v. Ohio
21.1%
Students could wear arm bands to school to protest the Vietnam war
Tinker v. Des Moines School District
21.1%
Operation of segregated schools was now impermissible and illegal
Alexander v. Holmes County Board
21.1%
Courts struck down school assignment plans that used race to determine school placement
Parents v. Seattle
21.1%
Use of public facilities for religious purposes (specifically, bible study in public schools)
McCollum vs. Board of Education
15.8%
Struck down reimbursements by the state of Pennsylvania to private schools to cover salaries and textbooks-
as a direct benefit to churches sponsoring parochial schools
Lemon vs. Kurtzman
15.8%
A person can only be arrested if violent action against the US government is imminent (talking is not the same as doing)
Yates v. United States
15.8%
Upheld conviction of officer of Socialist party who had been found guilty of obstructing war effort by sending out leaflets urging resistance to the draft
Scheneck v. United States
10.5%
Media, like other citizens, must respond to relevant questions put to them in the course of a valid grand jury investigation or trial
Branzburg v. Hayes
10.5%
Flag burning is protected speech
United States v. Eichman
10.5%
Court explicitly refuses to mandate busing across school lines in a metropolitan area to deal with de facto segregation
Miliken v. Bradley
10.5%
Quiz Playlist
Details
Report
Send in Message
Add To Playlist
Classic:
Type in answers that appear in a list
Random Order:
Randomize order of answers
Last Updated: Feb 16, 2017
Quiz Scoreboard
CHALLENGE
Sign Up to Join the Scoreboard
Show All
Scores
Hide
Comments
May contain spoilers
Recently Published
Holiday 10x10 Sorting Gallery
by lukepisani3
Holiday
15m
Two Season TV Shows II
by 123Four
Television
10m
Image Sorting: Flags VI
by Barbecue
Geography
2m
More to Explore
Quiz From the Vault
Featured Blog Post
14 Easter Pick-up Lines to Find Eggs With
hide this ad
You Might Also Like...
Tags
2010
case
court
econ
Exam
fall
Quick
Reference
Today's Top Quizzes in History
Browse History
hide this ad
Today's Top Quizzes in Exam
Browse Exam
Top Contributed Quizzes in History
1
I Am Born On March 29th
2
Order Up: 1000 Years of World Events I
3
US National Parks Named After People
4
Popular People in 1991
5
Popular People in 1951
6
Popular People in 1981
7
Popular People in 1941
8
Popular People in 1986
9
Popular People in 1976
10
Popular People in 1921
Explore More
Trending Topics
Crossword
Anime
Marvel
Kpop
NBA
Disney
Harry Potter
Song
NFL
Country
Pokémon
The Office
Puzzle
WWE
Soccer
hide this ad
More By:
Econ
Quiz
Plays
Rating
Category
Featured
Created
Court Cases for Fall Exam Econ 2010
19
History
Dec 14, 2010
Go to Creator's Profile
Score Distribution
Quiz Creator Spotlight
Econ
Follow
Send a Message
Quizzes Created
-
Created Quiz Play Count
-
More By This Creator
Popular Quizzes Today
1
Find the US States - No Outlines Minefield
2
Colored Red Africa Blitz
3
Find the 'City' Movie
4
The Countries of the World
5
Find the US States
6
5x2 Blitz: Bands
7
Find the Countries of Europe - No Outlines Minefield
8
US States
More History Quizzes
Presidential Prepositions
Published
Trending Quizzes
Colored Red Europe Blitz I
Colored Red Europe Blitz II
Colored Red Africa Blitz II
Colored Red Europe Blitz III
Colored Red Africa Blitz III
Recently Updated
Odd Team Out - Big 4 Players
pecheneg
Quick Pick: 20 Twenties
pecheneg
March Madness Men's Triple Doubles
pecheneg
How Do You Spell That?
pecheneg
Godzilla Movies
pecheneg
Grab Bag: 4-10 Letters
pecheneg
2024 March Madness Bracket
pecheneg
Famous TV Couples
Peacemaker
Champions League XIs: Real Madrid
pecheneg
Largest US Cities 1790-2010
pecheneg
Trending Topics
Crossword
Harry Potter
Kpop
Disney
NBA
Anime
Marvel
The Office
Soccer
Pokémon
WWE
Song
Country
Puzzle
NFL
Your Account Isn't Verified!
In order to create a playlist on Sporcle, you need to verify the email address you used during registration. Go to your
Sporcle Settings
to finish the process.
Report this User
Report this user for behavior that violates our
Community Guidelines
.
Details:
Send Report
Go to the Sporcle.com Mobile Site →
Comments